Statistics for Top 10 U.S. States With The Most Hurricanes

Click here to take the quiz!

General Stats

  • This quiz has been taken 105 times
  • The average score is 9 of 10

Answer Stats

#State% Correct
120Florida
99%
64Texas
96%
55North Carolina
95%
24Alabama
94%
30South Carolina
93%
54Louisiana
89%
19Mississippi
89%
22Georgia
86%
15New York
71%
12Massachusetts
45%

Score Distribution

Percentile by Number Answered

Percent of People with Each Score

Your Score History

You have not taken this quiz